000 00532nam a22001697a 4500
003 OSt
005 20260226061100.0
008 260226b |||||||| |||| 00| 0 eng d
020 _a9789715226387
040 _aDWCL-Main Lib
_cOC
082 _aFil. 512 N735e 2007
100 _aNivera, Gladys C.
245 _aElementary algebra I : patterns and practicalities /
260 _aMakati City, Philippines :
_bDon Bosco Press,
_cc2007.
300 _axiii, 367 pages :
_bcolor illustrations ;
_c25 cm.
942 _2ddc
_cBK - FIL
_mFil.
_n0
999 _c8575
_d8575